=LDR 00000nam 2200000 4500 =001 INLIS000000000058778 =005 20211011012416 =035 ##$$a 0010-1021000226 =007 ta =008 211011###########################0###### =020 ##$$a 978-623-6525-81-4 =082 ##$$a 899.221 3 =084 ##$$a 899.221 3 Rai h =245 1#$$a Hati yang tak patah =250 ##$$a Cet. 1 =300 ##$$a v, 267 halaman ; $c 21 em =600 #4$$a Fiksi - Indonesia =264 ##$$a Selagalas :$b Novelindo Publishing,$c 2020 =336 ##$$a Teks$2 rdacontent =337 ##$$a Buku$2 rdamedia =338 ##$$a Lain - lain$2 rdacarrier =990 ##$$a 17451745 =990 ##$$a 44/50/2021 =990 ##$$a 44/50/2021